Представление документа в формате RUSMARC

ПолеНазваниеЗначение
  Тип записи a
  Библиографический уровень m
001 Контрольный номер 0ba7dbf1fbb2491794d202b4386f70d1
005 Дата корректировки 20201206205154.1
010 Индекс ISBN __
a ISBN 978-5-17-105897-5 (в пер.)
d Цена 390-01, 2000 экз.
100 Данные общей обработки __
a Данные общей обработки 19190116d2018||||||| 0rusy0189 ca
101 Язык документа 0_
a Язык текста rus
102 Страна публикации __
a Страна публикации ru
102 Страна публикации __
a Страна публикации RU
105 Кодированные данные (монография) __
a Кодированные данные (монография) ||||||||000zy
200 Заглавие и сведения об ответственности 1_
a Заглавие Построение квадрата на шестом уроке
e Сведения, относящиеся к заглавию [малая проза]
f Первые сведения об ответственности Сергей Носов
b Общее обозначение материала Текст
210 Выходные данные __
a Место издания Москва
c Издательство АСТ
c Издательство Редакция Елены Шубиной
d Дата издания 2018
215 Физическое описание __
a Объем 346, [1] с.
d Формат 21 см
225 Серия __
a Серия Классное чтение
300 Общие примечания __
a Общие примечания Автор лауреат премии "Национальный бестселлер"
330 Аннотация __
a Аннотация Сергей Носов - прозаик, драматург, автор шести романов, нескольких книг рассказов и эссе, а также оригинальных работ по психологии памятников; лауреат премии "Национальный бестселлер" (за роман "Фигурные скобки") и финалист "Большой книги" ("Франсуаза, или Путь к леднику"). Новая книга "Построение квадрата на шестом уроке" приглашает взглянуть на нашу жизнь с четырех неожиданных сторон и узнать, почему опасно ночевать на комаровской даче Ахматовой, где купался Керенский, что происходит в голове шестиклассника Ромы и зачем автор этой книги залез на Александровскую колонну…
333 Примечание о целевом назначении __
a Примечание о целевом назначении 16+. Для детей старше 16 лет
606 Тематические рубрики __
a Основная рубрика Художественная литература
606 Тематические рубрики __
a Основная рубрика Современная русская литература (произведения)
610 Ключевые слова __
a Ключевые слова проза
610 Ключевые слова __
a Ключевые слова романы
610 Ключевые слова __
a Ключевые слова современная проза
610 Ключевые слова __
a Ключевые слова тема юмора
610 Ключевые слова __
a Ключевые слова тема советского времени
610 Ключевые слова __
a Ключевые слова рассказы
610 Ключевые слова __
a Ключевые слова тема воспоминаний
610 Ключевые слова __
a Ключевые слова тема детства
686 Индексы других классификаций __
2 Код системы rubbks
a Классификационный индекс 84(2=411.2)6-4; ст84(2=411.2)6-4
700 Автор _1
a Фамилия Носов
b Имя С. А.
f Даты 1957-
g Полное личное имя Сергей Анатольевич
4 Код отношения 070
801 Источник записи _0
a Страна ru
b Организация Муниципальное бюджетное учреждение культуры "Централизованная библиотечная система" г. Сургут (Центральная городская библиотека им. А. С. Пушкина)
c Дата составления 20190116
g Правила каталогизации PSBO
801 Источник записи _1
a Страна ru
b Организация Муниципальное бюджетное учреждение культуры "Централизованная библиотечная система" г. Сургут (Центральная городская библиотека им. А. С. Пушкина)
c Дата составления 20190116
g Правила каталогизации PSBO
852 Данные о местонахождении __
j Шифр хранения 84(2=411.2)6-4
i Авторский знак Н 84
901 Тип документа __
t Тип документа x
a Ответственный КиК/Мамарузиева
903 Характеристики (МАРС) __
a Дата передачи 20190117
990 Данные о заказе (DOS) __
j Количество экземпляров (DOS) 5
t N записи в КСУ для И/У (DOS) 201901